Religión 3 : (Registro nro. 9598)

Detalles MARC
000 -LIDER
fixed length control field 01932nam a2200397 a 4500
001 - NÚMERO DE CONTROL
Identificador de número de control 00003829
003 - IDENTIFICACDOR DE NÚMERO DE CONTROL
control field DO-SdBNP
005 - DATE AND TIME OF LATEST TRANSACTION
control field 20160613131944.0
007 - CAMPOS FIJOS DE DESCRIPCIÓN FÍSICA
fixed length control field 00003829
008 - ELEMENTOS DE LONGITUD FIJA
fixed length control field 091117s2005 dr a 000 0 spa d
020 ## - ISBN
International Standard Book Number 9945111140
040 ## - FUENTE DE CATALOGACIÓN
Agencia que crea de manera original el registro BPMSU
Idioma de catalogación spa
Agencia que realiza la transcripción BPMSU
092 ## - LOCALLY ASSIGNED DEWEY DECIMAL CALL NUMBER
Número de clasificación 373.84
Número de ítem (Cutter) R696r 3ro. 2005
100 ## - ASIENTO PRINCIPAL -- NOMBRE PERSONAL
Nombre personal Rodríguez, Federico
245 10 - MENCIÓN DE TITULO
Título Religión 3 :
Subtítulo educación media /
Mención de responsabilidad Federico Rodríguez ; dirección editorial Obdulia García de Escobar ; ilustración Ruddy Núñez
260 ## - PUBLICACIÓN, DISTRIBUCIÓN, ETC. (PIE DE IMPRENTA)
Lugar de publicación, distribución, etc Santo Domingo :
Nombre del editor, distribuidor, etc. Santillana,
Fecha de publicación, distribución, etc 2005.
300 ## - DESCRIPCIÓN FÍSICA
Extensión 128 p. :
Otros detalles físicos il. ;
Dimensiones 28 cm.
490 1# - MENCIÓN DE SERIES
Mención de serie Ámbar
500 ## - NOTA GENERAL
Nota general 1er. curso/segundo ciclo
505 0# - NOTA DE CONTENIDO
Texto normalizado de contenido Unidades --
Título Origen de la religión --
-- Las grandes religiones --
-- Religión, presente y futuro --
-- ¿Qué es la Biblia --
-- Dios se ha revelado --
-- La Biblia fuente de la fe cristiana --
-- Jesús personaje histórico --
-- El Cristo en la fe --
-- Jesús hombre para los hombres --
-- María de Nazaret --
-- Comunidad de los creyentes --
-- Ética humana y ética cristiana --
-- La doctrina social de la iglesia --
-- Qué es el humanismo --
-- Cristianismo, ¿un humanismo --
-- El cristianismo en el arte --
-- Cristianismo, ciencia y arte --
-- La religión y la comunicación.
650 #4 - ENCABEZAMIENTO DE MATERIA--TEMÁTICO
Término temático o nombre geográfico como elemento de entrada RELIGIÓN
Subdivisión temática general ENSEÑANZA SECUNDARIA
650 #4 - ENCABEZAMIENTO DE MATERIA--TEMÁTICO
Término temático o nombre geográfico como elemento de entrada RELIGIÓN
Subdivisión temática general ESTUDIOS Y EJERCICIOS
650 #4 - ENCABEZAMIENTO DE MATERIA--TEMÁTICO
Término temático o nombre geográfico como elemento de entrada RELIGIÓN
Subdivisión temática general LIBROS DE TEXTOS
650 #4 - ENCABEZAMIENTO DE MATERIA--TEMÁTICO
Término temático o nombre geográfico como elemento de entrada EDUCACIÓN SECUNDARIA
Subdivisión geográfica REPÚBLICA DOMINICANA
650 #4 - ENCABEZAMIENTO DE MATERIA--TEMÁTICO
Término temático o nombre geográfico como elemento de entrada RELIGIÓN
Subdivisión temática general EDUCACIÓN SECUNDARIA
700 12 - ASIENTO SECUNDARIO -- NOMBRE PERSONAL
Nombre personal García de Escobar, Obdulia,
Mención de responsabilidad ed.
700 1# - ASIENTO SECUNDARIO -- NOMBRE PERSONAL
Nombre personal Núñez, Ruddy,
Mención de responsabilidad il.
830 #0 - ASIENTO SECUNDARIO DE SERIE--TÍTULO UNIFORME
Título uniforme Ámbar
910 ## - VALIDACIÓN
Validación Validado. Control de calidad MFF
930 #1 - EQUIVALENCE OR CROSS-REFERENCE-UNIFORM TITLE HEADING [LOCAL, CANADA]
Language of a work BND01
Medium of performance for music LF1
Field link and sequence number 20091117
Date of a work 01
Name of part/section of a work CT
Miscellaneous information 7757
942 ## - ADDED ENTRY ELEMENTS (KOHA)
Source of classification or shelving scheme Dewey Decimal Classification
Koha item type Libros
956 ## - LOCAL ELECTRONIC LOCATION AND ACCESS (OCLC)
Nombre de host JPARRA
Número de acceso 10
Información de compresión 20091117
Inicio de sesión BND01
Procesador de solicitud 1430
956 ## - LOCAL ELECTRONIC LOCATION AND ACCESS (OCLC)
Nombre de host BTAVAREZ
Número de acceso 10
Información de compresión 20100222
Inicio de sesión BND01
Procesador de solicitud 1532
956 ## - LOCAL ELECTRONIC LOCATION AND ACCESS (OCLC)
Nombre de host VMATEO
Número de acceso 10
Información de compresión 20150721
Inicio de sesión BPMSU
Procesador de solicitud 00151
956 ## - LOCAL ELECTRONIC LOCATION AND ACCESS (OCLC)
Nombre de host LOPEREZ
Número de acceso 10
Información de compresión 20160406
Inicio de sesión BPMSU
Procesador de solicitud 0041
Existencias
Withdrawn status Lost status Source of classification or shelving scheme Damaged status Not for loan Collection code Home library Current library Date acquired Source of acquisition Total Checkouts Full call number Barcode Date last seen Price effective from Koha item type
    Dewey Decimal Classification       Biblioteca Pública Metropolitana Salomé Ureña Biblioteca Pública Metropolitana Salomé Ureña 04/06/2016 Donación   373.84 R696r 3ro. 2005 v.1 BPMSU16040173 04/06/2016 04/06/2016 Libros